[Event "Chigorin Memorial 23rd"]
[Site "St Petersburg"]
[Date "2015.10.11"]
[Round "9"]
[White "Pavlova, Nataliy"]
[Black "Zemnitskiy, Alexander"]
[Result "1/2-1/2"]
[WhiteElo "2021"]
[BlackElo "1856"]
[PlyCount "181"]
[EventDate "2015.10.03"]
[EventType "swiss"]
[EventRounds "9"]
[EventCountry "RUS"]
[SourceTitle "CBM 168 Extra"]
[Source "ChessBase"]
[SourceDate "2015.10.29"]
[SourceVersion "1"]
[SourceVersionDate "2015.10.29"]
[SourceQuality "1"]

1. Nf3 d5 2. b3 Bg4 3. Ne5 Bh5 4. d4 f6 5. Nd3 e6 6. Bb2 Bd6 7. c4 c6 8. g3 Nd7 9. Bh3 Qe7 10. Nd2 Nh6 11. 0-0 Nf7 12. cxd5 exd5 13. Re1 0-0 14. Bg2 f5 15. Nf3 Rae8 16. Qc1 g5 17. a4 Bxf3 18. Bxf3 g4 19. Bg2 Qg5 20. Qc2 Nd8 21. e3 Nf6 22. b4 Ne4 23. b5 Ne6 24. Rac1 Rc8 25. bxc6 bxc6 26. a5 Qe7 27. a6 Rc7 28. Re2 Rb8 29. Qa4 Rb6 30. Rec2 h5 31. h4 Nd8 32. Nc5 Nxg3 33. Bc3 Ne4 34. Ba5 Bxc5 35. dxc5 Rxa6 36. Bf1 Rxa5 37. Qxa5 Ne6 38. Bg2 Qxh4 39. Rb2 Kf7 40. Bxe4 fxe4 41. Rc3 Qh3 42. Rcb3 Kg6 43. Rb7 Ng5 44. f4 Qxe3+ 45. Kf1 Qxf4+ 46. Ke2 Qf3+ 47. Ke1 Qe3+ 48. Kd1 Qd3+ 49. Kc1 Qf1+ 50. Kc2 Rxb7 51. Rxb7 e3 52. Qc7 Qc4+ 53. Kb1 Qf1+ 54. Kc2 Qf2+ 55. Kb1 Qf5+ 56. Kc1 Qf6 57. Qc8 Qc3+ 58. Kb1 Qd3+ 59. Kc1 Qa3+ 60. Kb1 Qd3+ 61. Kc1 e2 62. Qe8+ Kf5 63. Qf8+ Ke4 64. Re7+ Kd4 65. Qf2+ Kc4 66. Rxe2 Ne4 67. Rc2+ Nc3 68. Kb2 d4 69. Qf7+ Kxc5 70. Qxa7+ Kd6 71. Qb8+ Kc5 72. Qf8+ Kb5 73. Qb8+ Ka5 74. Qc7+ Kb5 75. Qb7+ Kc5 76. Qe7+ Kb6 77. Qd8+ Kb5 78. Qb8+ Kc5 79. Qf8+ Kb6 80. Qb8+ Ka5 81. Qc7+ Ka4 82. Qa7+ Kb5 83. Qb7+ Kc5 84. Qe7+ Kb6 85. Qd8+ Kc5 86. Qe7+ Kd5 87. Qg5+ Ke4 88. Qg6+ Ke3 89. Qg5+ Ke4 90. Qg6+ Ke3 91. Qg5+ 1/2-1/2

[Event "Chigorin Memorial 23rd"]
[Site "St Petersburg"]
[Date "2015.10.10"]
[Round "8"]
[White "Balaian, Alina"]
[Black "Pavlova, Nataliy"]
[Result "1-0"]
[WhiteElo "2269"]
[BlackElo "2021"]
[PlyCount "79"]
[EventDate "2015.10.03"]
[EventType "swiss"]
[EventRounds "9"]
[EventCountry "RUS"]
[SourceTitle "CBM 168 Extra"]
[Source "ChessBase"]
[SourceDate "2015.10.29"]
[SourceVersion "1"]
[SourceVersionDate "2015.10.29"]
[SourceQuality "1"]

1. e4 c5 2. Nf3 Nc6 3. d4 cxd4 4. Nxd4 g6 5. c4 Nf6 6. Nc3 d6 7. Be2 Nxd4 8. Qxd4 Bg7 9. Be3 0-0 10. Qd2 a5 11. Bd4 a4 12. 0-0 Qa5 13. Qe3 Be6 14. Rab1 Nd7 15. Bxg7 Kxg7 16. f4 Rfc8 17. b3 axb3 18. axb3 Qc5 19. Qxc5 Rxc5 20. Ra1 Rca5 21. Rac1 Nf6 22. Bd3 Bd7 23. h3 h5 24. b4 Ra3 25. e5 dxe5 26. fxe5 Nh7 27. Rfd1 Be6 28. Ne4 Bf5 29. Nc5 Bxd3 30. Rxd3 b6 31. Rxa3 Rxa3 32. Nd7 Rb3 33. b5 Ng5 34. Nxb6 Ne6 35. Nd5 Nc5 36. Rd1 e6 37. Nb6 Nd3 38. Nd7 Nf4 39. Rd2 Rb4 40. b6 1-0

[Event "Chigorin Memorial 23rd"]
[Site "St Petersburg"]
[Date "2015.10.06"]
[Round "4"]
[White "Pavlova, Nataliy"]
[Black "Melnikov, Dmitry"]
[Result "0-1"]
[WhiteElo "2021"]
[BlackElo "2272"]
[PlyCount "32"]
[EventDate "2015.10.03"]
[EventType "swiss"]
[EventRounds "9"]
[EventCountry "RUS"]
[SourceTitle "CBM 168 Extra"]
[Source "ChessBase"]
[SourceDate "2015.10.29"]
[SourceVersion "1"]
[SourceVersionDate "2015.10.29"]
[SourceQuality "1"]

1. Nf3 f5 2. g3 Nf6 3. Bg2 g6 4. b3 Bg7 5. Bb2 d6 6. c4 e5 7. d3 Nc6 8. Nc3 0-0 9. 0-0 h6 10. Nd2 g5 11. f4 exf4 12. gxf4 Ng4 13. Qc1 Bd4+ 14. Kh1 gxf4 15. Nd1 Nxh2 16. Kxh2 Qh4+ 0-1

[Event "Chigorin Memorial 23rd"]
[Site "St Petersburg"]
[Date "2015.10.03"]
[Round "1"]
[White "Pavlova, Nataliy"]
[Black "Bublei, Pavel"]
[Result "0-1"]
[WhiteElo "2021"]
[BlackElo "2380"]
[PlyCount "100"]
[EventDate "2015.10.03"]
[EventType "swiss"]
[EventRounds "9"]
[EventCountry "RUS"]
[SourceTitle "CBM 168 Extra"]
[Source "ChessBase"]
[SourceDate "2015.10.29"]
[SourceVersion "1"]
[SourceVersionDate "2015.10.29"]
[SourceQuality "1"]

1. Nf3 Nf6 2. g3 d5 3. Bg2 c5 4. b3 Nc6 5. Bb2 e6 6. c4 d4 7. 0-0 e5 8. d3 Be7 9. e4 h6 10. h3 Be6 11. Kh2 0-0 12. Ng1 g5 13. Ne2 Ne8 14. g4 a6 15. Ng3 b5 16. Na3 Rb8 17. Qd2 Nd6 18. Nf5 Bxf5 19. gxf5 Qa5 20. Qe2 bxc4 21. Nxc4 Nxc4 22. dxc4 Nb4 23. Rfd1 Rb7 24. a3 Nc6 25. Rd3 Rfb8 26. Qf3 Qd8 27. Rg1 Na5 28. b4 cxb4 29. axb4 Nxc4 30. Bc1 Rxb4 31. h4 Kf8 32. Qh5 R8b6 33. Rg3 d3 34. Bxg5 Bxg5 35. hxg5 hxg5 36. Rxg5 Qf6 37. Bh3 Qh6 38. Qg4 Rf6 39. Rh5 Qf4+ 40. Qxf4 exf4 41. Rh8+ Ke7 42. Rgg8 Ne5 43. Rd8 Rfb6 44. Rhe8+ Kf6 45. Rd5 Rxe4 46. Rh8 Rb2 47. Rh6+ Kg7 48. Rxa6 Rxf2+ 49. Kg1 Rc2 50. Bg2 Nf3+ 0-1

[Event "Samara Polugaevsky Memorial 5th"]
[Site "Samara"]
[Date "2015.07.09"]
[Round "7"]
[White "Soldatov, Arnold"]
[Black "Pavlova, Nataliy"]
[Result "1/2-1/2"]
[WhiteElo "2129"]
[BlackElo "1963"]
[PlyCount "87"]
[EventDate "2015.07.03"]
[EventType "swiss"]
[EventRounds "9"]
[EventCountry "RUS"]
[SourceTitle "EXT 2017"]
[Source "ChessBase"]
[SourceDate "2016.10.25"]
[SourceVersion "1"]
[SourceVersionDate "2016.10.25"]
[SourceQuality "1"]

1. Nf3 c5 2. c4 Nf6 3. e3 g6 4. d4 cxd4 5. exd4 d5 6. Nc3 Bg7 7. Bg5 dxc4 8. Bxc4 0-0 9. 0-0 Nbd7 10. h3 Nb6 11. Bb3 Bf5 12. Re1 Rc8 13. Qe2 Re8 14. Ne5 Rf8 15. Nxf7 Rxf7 16. Qxe7 Qxe7 17. Rxe7 Nc4 18. Rxf7 Kxf7 19. Nb5 Kf8 20. Nxa7 Ra8 21. Bxc4 Rxa7 22. Bd2 Ne4 23. Bb4+ Ke8 24. g4 Bxd4 25. gxf5 Nxf2 26. Kg2 gxf5 27. Rf1 Ne4 28. Rxf5 Bxb2 29. Rf4 Nf6 30. Rf2 Ba1 31. a4 b6 32. Ra2 Be5 33. Bb5+ Kf7 34. Re2 Bd4 35. Bc4+ Kg6 36. Bb3 Rg7 37. Kf3 Kh5 38. Re6 Kh4 39. Be1+ Kxh3 40. Re2 Rg1 41. Be6+ Ng4 42. Bxg4+ Rxg4 43. Rh2+ Kxh2 44. Kxg4 1/2-1/2

[Event "Moscow op-B (Women)"]
[Site "Moscow"]
[Date "2015.02.08"]
[Round "9"]
[White "Pavlova, Nataliy"]
[Black "Golovchanskaya, Alina"]
[Result "1-0"]
[WhiteElo "1891"]
[BlackElo "1648"]
[PlyCount "111"]
[EventDate "2015.01.31"]
[EventType "swiss"]
[EventRounds "9"]
[EventCountry "RUS"]
[SourceTitle "CBM 164 Extra"]
[Source "ChessBase"]
[SourceDate "2015.03.02"]
[SourceVersion "1"]
[SourceVersionDate "2015.03.02"]
[SourceQuality "1"]

1. Nf3 Nf6 2. g3 g6 3. Bg2 Bg7 4. 0-0 0-0 5. c4 d5 6. d4 c6 7. b3 Bg4 8. Ne5 Bf5 9. Bb2 Bxb1 10. Rxb1 Nbd7 11. Qc2 e6 12. Rbd1 Rc8 13. f3 Qc7 14. e4 Rfd8 15. Kh1 Ne8 16. f4 Nef6 17. Nxd7 Qxd7 18. e5 Ng4 19. Qe2 h5 20. h3 Nh6 21. Bf3 Nf5 22. Qf2 Qc7 23. g4 hxg4 24. hxg4 Ne7 25. Qh4 Rd7 26. Kg2 Qa5 27. a3 Qb6 28. c5 Qxb3 29. Rd2 b6 30. Bd1 Qe3 31. Rff2 Qe4+ 32. Bf3 Qe1 33. Rd1 Qe3 34. Bc1 Qc3 35. cxb6 axb6 36. Bb2 Qb3 37. Rh1 c5 38. Bd1 Qe3 39. dxc5 bxc5 40. Bc2 c4 41. Rd1 c3 42. Bc1 Qb6 43. f5 exf5 44. Bg5 Re8 45. Bf6 Kf8 46. Rh1 Ng8 47. Bxg7+ Kxg7 48. gxf5 Kf8 49. Qh8 Ke7 50. fxg6 Qd4 51. Rxf7+ Kd8 52. Rxd7+ Kxd7 53. e6+ Rxe6 54. Qxd4 Re2+ 55. Kf3 Rxc2 56. Qxd5+ 1-0

[Event "Moscow op-B (Women)"]
[Site "Moscow"]
[Date "2015.02.06"]
[Round "7"]
[White "Gaboyan, Susanna"]
[Black "Pavlova, Nataliy"]
[Result "1-0"]
[WhiteElo "2086"]
[BlackElo "1891"]
[PlyCount "65"]
[EventDate "2015.01.31"]
[EventType "swiss"]
[EventRounds "9"]
[EventCountry "RUS"]
[SourceTitle "CBM 164 Extra"]
[Source "ChessBase"]
[SourceDate "2015.03.02"]
[SourceVersion "1"]
[SourceVersionDate "2015.03.02"]
[SourceQuality "1"]

1. d4 d5 2. c4 c6 3. cxd5 cxd5 4. Nc3 Nf6 5. Bf4 a6 6. e3 Nc6 7. Nf3 Bg4 8. Be2 Bxf3 9. Bxf3 e6 10. 0-0 Bd6 11. Bxd6 Qxd6 12. Na4 b5 13. Nc5 0-0 14. Be2 Nd7 15. Rc1 Na5 16. Qe1 Nc4 17. b3 Ncb6 18. Qa5 Rfc8 19. Nxd7 Nxd7 20. Rxc8+ Rxc8 21. a4 bxa4 22. bxa4 Rc6 23. Qd8+ Nf8 24. Qxd6 Rxd6 25. Rb1 Nd7 26. Rb7 g6 27. Ra7 Nb8 28. a5 Kg7 29. Ra8 Nd7 30. Rxa6 Rxa6 31. Bxa6 Kf8 32. Bb7 Ke7 33. a6 1-0

[Event "Moscow op-B (Women)"]
[Site "Moscow"]
[Date "2015.02.05"]
[Round "6"]
[White "Pavlova, Nataliy"]
[Black "Romanova, Anastasia"]
[Result "1-0"]
[WhiteElo "1891"]
[BlackElo "2005"]
[PlyCount "63"]
[EventDate "2015.01.31"]
[EventType "swiss"]
[EventRounds "9"]
[EventCountry "RUS"]
[SourceTitle "CBM 164 Extra"]
[Source "ChessBase"]
[SourceDate "2015.03.02"]
[SourceVersion "1"]
[SourceVersionDate "2015.03.02"]
[SourceQuality "1"]

1. Nf3 c5 2. g3 g6 3. Bg2 Bg7 4. 0-0 Nc6 5. c4 d6 6. Nc3 Nf6 7. b3 0-0 8. Bb2 Rb8 9. d4 cxd4 10. Nxd4 Bd7 11. e4 a6 12. Rc1 Nxd4 13. Qxd4 Ng4 14. Qd2 Bh6 15. f4 Qa5 16. Bf3 Nf6 17. Rfe1 Qc5+ 18. Kg2 Rfe8 19. Nd5 Nxd5 20. cxd5 Qb6 21. Bd4 Qd8 22. h4 Rc8 23. h5 Rxc1 24. Rxc1 Qb8 25. hxg6 hxg6 26. Rh1 Bg7 27. f5 Bxd4 28. Qxd4 f6 29. e5 Kg7 30. e6 Bb5 31. Qg4 g5 32. Qh5 1-0

[Event "Moscow op-B (Women)"]
[Site "Moscow"]
[Date "2015.02.03"]
[Round "4"]
[White "Pavlova, Nataliy"]
[Black "Smirnova, Ekaterina"]
[Result "0-1"]
[WhiteElo "1891"]
[BlackElo "2161"]
[PlyCount "102"]
[EventDate "2015.01.31"]
[EventType "swiss"]
[EventRounds "9"]
[EventCountry "RUS"]
[SourceTitle "CBM 164 Extra"]
[Source "ChessBase"]
[SourceDate "2015.03.02"]
[SourceVersion "1"]
[SourceVersionDate "2015.03.02"]
[SourceQuality "1"]

1. Nf3 d5 2. g3 Nf6 3. Bg2 c6 4. b3 Bf5 5. Bb2 Nbd7 6. 0-0 Qc7 7. d4 e6 8. c4 h6 9. Nbd2 Be7 10. Ne5 0-0 11. Ndf3 Rfd8 12. Qc1 dxc4 13. bxc4 c5 14. e3 Be4 15. Rd1 Nb6 16. a4 a5 17. Qc3 cxd4 18. exd4 Bb4 19. Qb3 Rac8 20. Rac1 Qe7 21. c5 Bd5 22. Qc2 Nfd7 23. Nd3 Nf6 24. Nfe5 Bxg2 25. Kxg2 Nbd5 26. Qb3 Ne4 27. Nc4 Qf6 28. f3 Ng5 29. Nde5 Qf5 30. Nd6 Qh3+ 31. Kg1 Rb8 32. Qd3 Qh5 33. f4 Nh3+ 34. Kf1 f6 35. Ng6 f5 36. Ne5 Nhxf4 37. gxf4 Qxh2 38. Qf3 Qxb2 39. Qg3 Bd2 40. Nd3 Qa2 41. Ra1 Qc2 42. Kg1 Nc3 43. Rxd2 Qxd2 44. Kh1 Ne2 45. Qf3 Nxd4 46. Qh3 Qe2 47. Ne5 Rxd6 48. cxd6 Qe4+ 49. Kg1 Ne2+ 50. Kf1 Qxf4+ 51. Nf3 Nd4 0-1